| 000 | 00349nam a2200133Ia 4500 | ||
|---|---|---|---|
| 008 | 220214s9999 xx 000 0 und d | ||
| 100 | _aLustines J | ||
| 245 | 0 | _aTrunk contraction of Hevea brasiliensis due to tapping | |
| 260 |
_bBiologia Plantarum(PRAHA) _c1969 |
||
| 300 | _a236-244 | ||
| 700 | _aResing WL | ||
| 700 | _aSimmer J | ||
| 942 | _cRE | ||
| 999 |
_c45666 _d45666 |
||